| 000 | 00490nam a22001577a 4500 | ||
|---|---|---|---|
| 008 | 230515b |||||||| |||| 00| 0 eng d | ||
| 040 |
_aNational Science Library _cNational Science Library |
||
| 080 |
_a551.438.5(540)(082.2) _bN1 |
||
| 245 |
_aIndian geosphere biosphere programme: _bSome aspects |
||
| 260 |
_aNew Delhi: _bNational Academy of Sciences, _c1991 |
||
| 300 | _a289p. | ||
| 650 | _aGeosphere | ||
| 653 | _aBiosphere | ||
| 700 | 1 | 0 | _aKhoshoo, T N (Ed.) |
| 942 |
_2udc _cBK |
||
| 999 |
_c29915 _d29915 |
||